书目信息 |
| 题名: |
聚合物基复合材料
|
|
| 作者: | 王汝敏 , 郑水蓉 , 郑亚萍 编著 | |
| 分册: | ||
| 出版信息: | 北京 科学出版社 2011 |
|
| 页数: | 386页 | |
| 开本: | 26cm | |
| 丛书名: | 普通高等教育“十一五”国家级规划教材 | |
| 单 册: | ||
| 中图分类: | TB333-43 | |
| 科图分类: | ||
| 主题词: | 高聚物--gao ju wu--基质(生物学)--复合材料--高等学校--教材 | |
| 电子资源: | ||
| ISBN: | 978-7-03-030694-4 | |
| 000 | 01189nam 2200325 45 | |
| 001 | 012001002681 | |
| 005 | 20191121144605.12 | |
| 010 | @a978-7-03-030694-4@dCNY69.00 | |
| 099 | @aCAL 012011085934@aCAL 0120111246687m | |
| 100 | @a20110512d2011 em y0chiy0121 ea | |
| 101 | 0 | @achi |
| 102 | @aCN@b110000 | |
| 105 | @aak a 000yy | |
| 106 | @ar | |
| 200 | 1 | @a聚合物基复合材料@Aju he wu ji fu he cai liao@f王汝敏, 郑水蓉, 郑亚萍编著 |
| 205 | @a第2版 | |
| 210 | @a北京@c科学出版社@d2011 | |
| 215 | @a386页@c图@d26cm | |
| 225 | 2 | @a普通高等教育“十一五”国家级规划教材@Apu tong gao deng jiao yu“shi yi wu”guo jia ji gui hua jiao cai |
| 305 | @a本书初版于2004年 | |
| 320 | @a有书目 | |
| 330 | @a本书系统阐述聚合物基复合材料的基本概念、基本原理和基本性能。内容包括:组分材料、复合材料工艺、复合材料性能等。 | |
| 410 | 0 | @12001@@a普通高等教育“十一五”国家级规划教材 |
| 606 | 0 | @a高聚物@Agao ju wu@x基质(生物学)@x复合材料@x高等学校@j教材 |
| 690 | @aTB333-43@v4 | |
| 701 | 0 | @a王汝敏@Awang ru min@4编著 |
| 701 | 0 | @a郑水蓉@Azheng shui rong@4编著 |
| 701 | 0 | @a郑亚萍@Azheng ya ping@4编著 |
| 801 | 0 | @aCN@b北京卓展@c20191020 |
| 905 | @b1205634-7@dTB333-43@e506=2@f4 | |
| 聚合物基复合材料/王汝敏, 郑水蓉, 郑亚萍编著.-第2版.-北京:科学出版社,2011 |
| 386页:图;26cm.-(普通高等教育“十一五”国家级规划教材) |
| ISBN 978-7-03-030694-4:CNY69.00 |
| 本书系统阐述聚合物基复合材料的基本概念、基本原理和基本性能。内容包括:组分材料、复合材料工艺、复合材料性能等。 |
| ● |
| 相关链接 |
|
|
|
|
正题名:聚合物基复合材料
索取号:TB333-43/506=2
 
预约/预借
| 序号 | 登录号 | 条形码 | 馆藏地/架位号 | 状态 | 备注 |
| 1 | 1205634 | 212056344 | 第二样本阅览室/ [索取号:TB333-43/506=2] | 在馆 | |
| 2 | 1205635 | 212056353 | 第三借阅区/ [索取号:TB333-43/506=2] | 在馆 | |
| 3 | 1205636 | 212056362 | 第三借阅区/ [索取号:TB333-43/506=2] | 在馆 | |
| 4 | 1205637 | 212056371 | 第三借阅区/ [索取号:TB333-43/506=2] | 在馆 |